000 00959nam a2200325 i 4500
001 000034106
003 DO-SdBNP
005 20260416125536.0
007 ta
008 110923s1990 dr a r 000 0 spa d
020 _a8449925487
040 _aDO-SdBNP
_bspa
_cBNPHU
_erda
041 _aspa
082 4 _a301
_bC334h 1990
_222
100 _aCasado M., Lucio,
_eautor
_4aut.
_936878
245 1 0 _aHombre y sociedad /
_cLucio Casado M.
250 _aseptima edición
264 1 _aSanto Domingo :
_bEditora de Colores,
_c1990.
300 _a334 páginas :
_bilustraciones ;
_c22 cm.
336 _atexto
_btxt
_2rdacontent
337 _asin mediación
_bn
_2rdamedia
338 _avolumen
_bnc
_2rdacarrier
590 _aInventariado, 2026/BT
650 4 _aCambio social
_91661
650 4 _aSociología educativa
_953721
650 4 _aClases sociales
_91062
650 4 _a Antropología social
_92424
910 _aBtavárez
942 _2ddc
_cLBS1
999 _c60563
_d60563